000 01220nam a22003617a 4500
001 827
005 20251120135528.0
020 _a1591886449
040 _aJED
_beng
_cJED
_dBAKER
_dOCLCG
_dQT4
_dIUI
_dUPZ
_dDUNPL
_dTJT
_dOCLCQ
_dOCLCF
_dDEERP
_dOCLCO
_dOCLCQ
_dOCLCO
_dOCL
_dDLC
050 0 0 _aRZC 4009
082 0 4 _a517
_222
082 0 4 _aPZ7.E72556
100 1 _aErickson, John R.,
_d1943-
245 1 4 _aThe dungeon of doom /
_cJohn R. Erickson ; Illustrations by Gerald L. Holmes
260 _aUnited States :
_bPuffin Books,
_c2004.
300 _a122 pages :
_billustrations ;
_c20 cm.
490 1 _aHank the Cowdog ;
_vBook 44
505 0 _aR
520 _aLoper wants Hank to learn some manners, so he's sending him to obedience school.
521 _a670
_bLexile
521 _aR
_bRaz-Plus
650 0 _aDogs
_vJuvenile fiction.
650 1 _aDogs
_vFiction.
650 1 _aRanch life
_zWest (U.S.)
_vFiction.
650 1 _aHumorous stories.
650 0 _aWestern stories.
655 1 _aAudiobooks.
655 7 _aHumorous fiction.
_2gsafd
655 7 _aWestern stories.
_2gsafd
655 7 _aChildren's audiobooks.
_2lcgft
906 _a7
_bcbc
_ccopycat
_d2
_encip
_f20
_gy-soundrec
942 _2ddc
_cBK
_n0
999 _c827
_d827